• 首页
  • 本馆介绍
  • 公告通知
  • 最新文献
  • 馆藏检索
  • 电子资源
  • 读者导购
  • 参考咨询
  • 我的图书馆
  • 登录
  • 详细信息显示
  • 放入我的书架
  • 预约/预借图书
  • 作者相关作品
  • 分类相关作品
  • 丛书相关作品
  • 出版社相关作品

书目信息

  • 表格格式
  • 工作单格式
  • 卡片格式
题名:
三峡湖北库区传统建筑
    
 
作者: 沈海宁 主编 ;国务院三峡工程建设委员会 办公室 , 国家文物事业管理局 编著
分册:  
出版信息: 北京   科学出版社  2003
页数: 312页
开本: 30cm
丛书名:
单 册:
中图分类: TU-092.2 , K879.1
科图分类:
主题词: 古建筑--建筑艺术--湖北省 , 古建筑 , 建筑艺术 , 文物--考古--中国
电子资源:
ISBN: 7-03-011580-5
000 01421nam0 2200337 450
000 01370nam0 2200313 450
000 01299nam0 2200289 450
000 01262nam0 2200277 45
005 20070525094128.59
010    @a7-03-011580-5@b精装@dCNY280.00
100    @a20070420d2003 em y0chiy0120 ea
101 1  @achi@ceng
102    @aCN@b110000
105    @aa z 000yy
200 1  @a三峡湖北库区传统建筑@ASan Xia Hu Bei Ku Qu Chuan Tong Jian Zhu@f沈海宁主编@FShen Hai Ning Zhu Bian@g国务院三峡工程建设委员会办公室,国家文物局编著
210    @a北京@c科学出版社@d2003
215    @a312页@c图,照片@d30cm
300    @a长江三峡工程文物保护项目报告丙种第一号
330    @a本书力求通过文字、测绘图和照片介绍湖北省境内巴东、秭归、兴山、宜昌四县三峡库区淹没区域内的主要文物建筑,展示其分布格局、外在风貌、内部结构、历史和地方的特点、人文习俗和艺术成就。
510 1  @aSelections of the Traditional Architecture in the Three Gorges Dam, Hubei@zeng
606 0  @a古建筑@x建筑艺术@x湖北省
606 0  @a古建筑
606 0  @a建筑艺术
606 0  @a文物@x考古@x中国
690    @aTU-092.2@v4
690    @aK879.1@v3
701  0 @a沈海宁@AShen Hai Ning@4主编
712 02 @a国务院三峡工程建设委员会 办公室@AGuo Wu Yuan San Xia Gong Cheng Jian She Wei Yuan Hui Ban Gong Shi@4编著
712 02 @a国家文物事业管理局@AGuo Jia Wen Wu Shi Ye Guan Li Ju@4编著
801  0 @aCN@bTAOJIN@c20070525
905    @a10447@dK879.1@e238
    
    三峡湖北库区传统建筑/沈海宁主编/国务院三峡工程建设委员会办公室,国家文物局编著.-北京:科学出版社,2003
    312页:图,照片;30cm
    长江三峡工程文物保护项目报告丙种第一号
    
    ISBN 7-03-011580-5(精装):CNY280.00
    本书力求通过文字、测绘图和照片介绍湖北省境内巴东、秭归、兴山、宜昌四县三峡库区淹没区域内的主要文物建筑,展示其分布格局、外在风貌、内部结构、历史和地方的特点、人文习俗和艺术成就。
●
相关链接 在E读中查询图书 在五车中查询图书 在当当中查询图书 在豆瓣中查询图书


正题名:三峡湖北库区传统建筑     索取号:K879.1/238         预约/预借

序号 登录号 条形码 馆藏地/架位号 状态 备注
1 0522361   205223612   第二样本阅览室/ [索取号:K879.1/238] 在馆    
2 0522362   205223621   第二借阅区/ [索取号:K879.1/238] 在馆    
唐山师范学院图书馆 欢迎您!
大连网信软件有限公司© 版权所有